[Event "Oberfranken Senioren-EM2009 26th"]
[Site "Bischofsgrün (5.6.-13.6)"]
[Date "2009.06.05"]
[Round "1.1"]
[White "Jeske, Eckhard(52)"]
[Black "Bullock, Alfred"]
[Result "1-0"]
[WhiteElo "2159"]
[BlackElo "1403"]
[PlyCount "45"]
[EventDate "2009.06.??"]
[EventType "swiss"]
[EventRounds "9"]
[WhiteTeam "Rostock-07 SSC"]
[BlackTeam "ENG-Poole"]
[BlackTeamCountry "ENG"]

1. c4 b6 2. Nc3 Bb7 3. e4 c5 4. g3 Nc6 5. Nge2 g6 6. Bg2 Bg7 7. O-O e6 8. d3 a6
9. Be3 Nge7 10. d4 cxd4 11. Nxd4 O-O 12. Rc1 Nxd4 13. Bxd4 Bxd4 14. Qxd4 d6 15.
Rfd1 Nc8 16. e5 Bxg2 17. Kxg2 Qc7 18. exd6 Qc6+ 19. f3 Qd7 20. Ne4 f6 21. Nxf6+
Rxf6 22. Qxf6 Nxd6 23. Qd4 1-0

[Event "Oberfranken Senioren-EM2009 26th"]
[Site "Bischofsgrün (5.6.-13.6)"]
[Date "2009.06.05"]
[Round "1.2"]
[White "Barlo, Werner"]
[Black "Urytskyy, Arkadiy"]
[Result "1/2-1/2"]
[WhiteElo "1778"]
[BlackElo "2105"]
[PlyCount "75"]
[EventDate "2009.06.??"]
[EventType "swiss"]
[EventRounds "9"]
[WhiteTeam "Berlin-Zehlendorf SK"]
[BlackTeam "Kirchenlaibach TSV"]

1. d4 Nf6 2. Nf3 d6 3. c4 g6 4. Nc3 Bg7 5. e4 O-O 6. h3 Nbd7 7. Bd3 e5 8. Be3
c6 9. O-O Nh5 10. d5 Nf4 11. Bc2 c5 12. Qd2 Nh5 13. Rab1 Nb6 14. b3 f5 15. Bg5
Qd7 16. Bh6 f4 17. Bxg7 Nxg7 18. a4 Qe7 19. a5 Nd7 20. Nb5 a6 21. Nc3 g5 22.
Nh2 h5 23. f3 Nf6 24. Na4 Bd7 25. Nb6 Rad8 26. b4 cxb4 27. Rxb4 g4 28. hxg4
hxg4 29. Nxd7 Rxd7 30. fxg4 Kf7 31. Rf3 Rc7 32. Bd3 Qd7 33. g3 fxg3 34. Rxg3
Ke8 35. Qg5 Qe7 36. Rf3 Nd7 37. Qxe7+ Kxe7 38. Rxf8 1/2-1/2

[Event "Oberfranken Senioren-EM2009 26th"]
[Site "Bischofsgrün (5.6.-13.6)"]
[Date "2009.06.05"]
[Round "1.3"]
[White "Boeven, Manfred"]
[Black "Klein, Reinhard(53)"]
[Result "1-0"]
[WhiteElo "1978"]
[BlackElo "1686"]
[PlyCount "93"]
[EventDate "2009.06.??"]
[EventType "swiss"]
[EventRounds "9"]
[WhiteTeam "Geilenkirchen SF"]
[BlackTeam "München-RTA SC"]

1. d4 Nf6 2. Nc3 e6 3. Nf3 d5 4. Bg5 Be7 5. e3 O-O 6. Bd3 Nbd7 7. O-O h6 8. Bh4
c5 9. Ne5 Ne8 10. Bxe7 Qxe7 11. f4 Nxe5 12. fxe5 c4 13. Be2 f6 14. exf6 Nxf6
15. e4 Bd7 16. e5 Nh7 17. Qd2 b5 18. a3 Rxf1+ 19. Rxf1 Rf8 20. Rxf8+ Qxf8 21.
Bg4 Qf7 22. Qf2 Nf8 23. Qxf7+ Kxf7 24. Kf2 a5 25. Ke3 b4 26. axb4 axb4 27. Na2
Ba4 28. Nxb4 Nd7 29. Nxd5 Bxc2 30. Nc7 Nf8 31. d5 exd5 32. Kd4 Be4 33. e6+ Ke7
34. Nxd5+ Bxd5 35. Kxd5 Ng6 36. g3 Nf8 37. Kxc4 Nh7 38. b4 Nf6 39. Bh3 g5 40.
Bf5 Ne8 41. Kd5 h5 42. b5 Nd6 43. Bd3 Nb7 44. b6 Nd8 45. Bf5 Nb7 46. Kc6 Na5+
47. Kc7 1-0

[Event "Oberfranken Senioren-EM2009 26th"]
[Site "Bischofsgrün (5.6.-13.6)"]
[Date "2009.06.05"]
[Round "1.4"]
[White "Segelken, Peter(41)"]
[Black "Weigel, Herbert"]
[Result "0-1"]
[WhiteElo "1702"]
[BlackElo "2010"]
[PlyCount "104"]
[EventDate "2009.06.??"]
[EventType "swiss"]
[EventRounds "9"]
[WhiteTeam "Delmenhorst SK"]
[BlackTeam "Zirndorf SK"]

1. e4 e5 2. Nf3 Nc6 3. Bb5 a6 4. Ba4 Nf6 5. O-O b5 6. Bb3 Bb7 7. c3 Bc5 8. d3
O-O 9. Bg5 h6 10. Bh4 g5 11. Bg3 d6 12. Nbd2 Bb6 13. Qe2 Kg7 14. a4 Qe7 15. Bc2
Nh5 16. b4 Qf6 17. Kh1 Ne7 18. Ng1 Nf4 19. Bxf4 Qxf4 20. Nh3 Qf6 21. Qg4 Bc8
22. Qg3 Bd7 23. f4 Bxh3 24. fxg5 Bxg2+ 25. Qxg2 Qxg5 26. Qxg5+ hxg5 27. Nf3 f6
28. d4 exd4 29. Nxd4 Bxd4 30. cxd4 Nc6 31. axb5 axb5 32. Rxa8 Rxa8 33. e5 Rf8
34. exd6 cxd6 35. Be4 Nxd4 36. Rd1 Ne2 37. Rxd6 Re8 38. Rd7+ Kf8 39. Bg6 Re7
40. Rd8+ Kg7 41. Bd3 Nf4 42. Bf1 Re1 43. Kg1 Rb1 44. Rb8 Ne2+ 45. Kf2 Nd4 46.
Rb7+ Kf8 47. Rb8+ Ke7 48. Bxb5 Rxb4 49. Re8+ Kf7 50. Bd7 Rb7 51. Ba4 Ra7 52.
Re4 Rxa4 0-1

[Event "Oberfranken Senioren-EM2009 26th"]
[Site "Bischofsgrün (5.6.-13.6)"]
[Date "2009.06.05"]
[Round "1.5"]
[White "Romanow, Werner"]
[Black "Wawrinsky, Ludwig"]
[Result "0-1"]
[WhiteElo "1975"]
[BlackElo "1723"]
[PlyCount "160"]
[EventDate "2009.06.??"]
[EventType "swiss"]
[EventRounds "9"]
[WhiteTeam "Merseburg SV"]
[BlackTeam "Neuperlach SK"]

1. c4 Nf6 2. g3 c5 3. Bg2 Nc6 4. Nf3 e6 5. O-O Be7 6. Nc3 O-O 7. d4 cxd4 8.
Nxd4 a6 9. b3 Bc5 10. Nc2 Rb8 11. Bb2 Qe7 12. e4 b5 13. cxb5 axb5 14. Re1 d6
15. h3 Rd8 16. Qd2 b4 17. Na4 Ba7 18. Rac1 e5 19. Ne3 Nd4 20. Kh2 g6 21. Rc4
Bb7 22. Bxd4 exd4 23. Nc2 Ba6 24. Rxb4 d3 25. Rxb8 Rxb8 26. Nb4 Rxb4 27. Qxb4
Bxf2 28. Rf1 Be3 29. Nb2 Qe5 30. Nc4 Bxc4 31. Qxc4 d2 32. Qd3 Bh6 33. Bf3 Qb2
34. Rd1 Qe5 35. a4 Qc5 36. Kg2 Nd7 37. Qd5 Qb4 38. Rf1 Ne5 39. Be2 Kg7 40. Bc4
Be3 41. a5 Qa3 42. a6 Qb2 43. Be2 Qa3 44. Rd1 Qb4 45. a7 Bxa7 46. Rxd2 Qb6 47.
Rd4 Qxd4 48. Qxd4 Bxd4 49. g4 g5 50. b4 Kf6 51. b5 Ke7 52. Kf1 Kd7 53. Ke1 Kc7
54. Kd2 Kb6 55. Kc2 Ng6 56. Kb3 Nf4 57. Bf1 d5 58. exd5 Nxd5 59. Bc4 Kc5 60. b6
Be5 61. b7 f6 62. Bd3 h6 63. Bf1 Kb6 64. Be2 Nf4 65. Bf1 Kxb7 66. Kc2 Kc6 67.
Kd2 Bd4 68. Ba6 Nxh3 69. Ke2 Kd5 70. Kf3 Ng1+ 71. Kg3 Ke5 72. Bd3 Be3 73. Bg6
Kd4 74. Bf5 Kc3 75. Kg2 Kd2 76. Bd7 Ke1 77. Bb5 Ne2 78. Ba6 Nd4 79. Bd3 Bf4 80.
Bg6 Ke2 0-1

[Event "Oberfranken Senioren-EM2009 26th"]
[Site "Bischofsgrün (5.6.-13.6)"]
[Date "2009.06.05"]
[Round "1.6"]
[White "Theuermeister, Peter"]
[Black "Kraft, Hans(32)"]
[Result "1/2-1/2"]
[WhiteElo "1633"]
[BlackElo "1936"]
[PlyCount "92"]
[EventDate "2009.06.??"]
[EventType "swiss"]
[EventRounds "9"]
[WhiteTeam "Hof-PTSV SK"]
[BlackTeam "Zirndorf SK"]

1. d4 Nf6 2. Nf3 g6 3. c4 Bg7 4. Nc3 O-O 5. e4 d6 6. Be2 c6 7. O-O e5 8. dxe5
dxe5 9. Qxd8 Rxd8 10. Be3 Bg4 11. Rfd1 Nbd7 12. Rd2 Re8 13. Rad1 Nf8 14. h3
Bxf3 15. Bxf3 Ne6 16. g4 Nd4 17. Bg2 Ne6 18. g5 Nh5 19. c5 Nhf4 20. h4 f6 21.
Rd7 Rab8 22. Bf1 fxg5 23. Bc4 Kh8 24. Bxf4 gxf4 25. Bxe6 Rxe6 26. Rc7 h5 27.
Kh2 Bf8 28. Na4 Re7 29. Rdd7 Rxd7 30. Rxd7 b5 31. cxb6 axb6 32. Rc7 c5 33. Rc6
Kg7 34. Nxb6 Be7 35. Kh3 Bd8 36. Nc4 Rb7 37. b3 Ra7 38. Nxe5 Bf6 39. Nd3 Rxa2
40. e5 Be7 41. Nxf4 Rxf2 42. Rxg6+ Kh7 43. Re6 Rxf4 44. Rxe7+ Kg6 45. Kg3 Rg4+
46. Kh3 Re4 1/2-1/2

[Event "Oberfranken Senioren-EM2009 26th"]
[Site "Bischofsgrün (5.6.-13.6)"]
[Date "2009.06.05"]
[Round "1.7"]
[White "Schweizer, Wolfgang Dr"]
[Black "Weidmann, Hartmut"]
[Result "1-0"]
[WhiteElo "1908"]
[BlackElo "1649"]
[PlyCount "39"]
[EventDate "2009.06.??"]
[EventType "swiss"]
[EventRounds "9"]
[WhiteTeam "Kulmbach SK"]
[BlackTeam "Kirchenlamitz SF"]

1. e4 d5 2. exd5 Qxd5 3. Nc3 Qa5 4. Nf3 c6 5. Be2 Nf6 6. O-O Bf5 7. d3 Nbd7 8.
Be3 e6 9. Nh4 Bg6 10. Qd2 Bd6 11. Ne4 Qxd2 12. Nxd6+ Ke7 13. Ndf5+ exf5 14.
Bxd2 Bh5 15. Bxh5 Nxh5 16. Nxf5+ Ke6 17. g4 Ne5 18. Rae1 Kf6 19. Bc3 Rae8 20.
Nd6 1-0

[Event "Oberfranken Senioren-EM2009 26th"]
[Site "Bischofsgrün (5.6.-13.6)"]
[Date "2009.06.05"]
[Round "1.8"]
[White "Oser, Thor"]
[Black "Hoellger, Herbert"]
[Result "0-1"]
[WhiteElo "1613"]
[BlackElo "1883"]
[PlyCount "70"]
[EventDate "2009.06.??"]
[EventType "swiss"]
[EventRounds "9"]
[WhiteTeam "Jöhlingen SK"]
[BlackTeam "Bad Hersfeld SK"]

1. e4 d5 2. exd5 Qxd5 3. Nf3 Nf6 4. Be2 a6 5. d4 Bg4 6. O-O Nc6 7. c4 Qd6 8.
Be3 e6 9. Nc3 Be7 10. c5 Qd7 11. Qa4 O-O 12. Rad1 Rfd8 13. h3 Bh5 14. g4 Bg6
15. Nh4 Nd5 16. Nxg6 hxg6 17. Nxd5 Qxd5 18. Bc4 Qf3 19. Qc2 Qxh3 20. Qe4 g5 21.
d5 exd5 22. Bxd5 Re8 23. Bxc6 bxc6 24. Qg2 Qxg2+ 25. Kxg2 Rad8 26. b3 Rd5 27.
Rxd5 cxd5 28. Rd1 c6 29. Rd4 Bxc5 30. Ra4 Bxe3 31. fxe3 Rxe3 32. Rxa6 Rc3 33.
a4 Rxb3 34. Rxc6 Rb4 35. a5 Rxg4+ 0-1

[Event "Oberfranken Senioren-EM2009 26th"]
[Site "Bischofsgrün (5.6.-13.6)"]
[Date "2009.06.05"]
[Round "1.9"]
[White "Schurig, Wilhelm"]
[Black "Tunka, Josef"]
[Result "1-0"]
[WhiteElo "1859"]
[BlackElo "1664"]
[PlyCount "87"]
[EventDate "2009.06.??"]
[EventType "swiss"]
[EventRounds "9"]
[WhiteTeam "Thiersheim SV"]
[BlackTeam "Lingen SV"]

1. Nf3 c5 2. g3 Nc6 3. Bg2 e5 4. d3 g6 5. e4 Bg7 6. O-O Nge7 7. Be3 d6 8. Qd2
O-O 9. Bh6 f6 10. Bxg7 Kxg7 11. c3 d5 12. Qc2 d4 13. Na3 Be6 14. c4 Qd7 15.
Rfe1 a6 16. Qd2 Rab8 17. Rac1 b6 18. Nc2 b5 19. cxb5 axb5 20. Na3 Qa7 21. Ra1
c4 22. Nc2 Rfc8 23. Bf1 c3 24. bxc3 dxc3 25. Qe3 Qa4 26. d4 Bxa2 27. dxe5 fxe5
28. Rec1 b4 29. Bh3 Qb3 30. Bxc8 Rxc8 31. Qc5 Qc4 32. Qxc4 Bxc4 33. Nxb4 Nxb4
34. Rxc3 Be2 35. Rxc8 Nxc8 36. Nxe5 Nd6 37. f3 Nd3 38. Nxd3 Bxd3 39. Rd1 Bxe4
40. fxe4 Nxe4 41. Kg2 Kf6 42. Kf3 Ng5+ 43. Ke3 Nf7 44. Rd5 1-0

[Event "Oberfranken Senioren-EM2009 26th"]
[Site "Bischofsgrün (5.6.-13.6)"]
[Date "2009.06.05"]
[Round "1.10"]
[White "Otto, Klaus(41)"]
[Black "Tuertmann, Dieter"]
[Result "0-1"]
[WhiteElo "1607"]
[BlackElo "1814"]
[PlyCount "72"]
[EventDate "2009.06.??"]
[EventType "swiss"]
[EventRounds "9"]
[WhiteTeam "Triebes SV"]
[BlackTeam "Eberswalde-1949 ESV"]

1. e4 c6 2. d3 d5 3. Nd2 e5 4. Ngf3 Bg4 5. Be2 Bd6 6. h3 Be6 7. O-O h6 8. d4
Nd7 9. dxe5 Nxe5 10. Nxe5 Bxe5 11. Nf3 Bc7 12. exd5 Qxd5 13. Qxd5 Bxd5 14. Re1
O-O-O 15. Be3 Kb8 16. Red1 Ne7 17. c4 Be6 18. Bc5 Nf5 19. Rxd8+ Rxd8 20. g4 Nd6
21. Bxd6 Bxd6 22. b3 Kc7 23. Rd1 g6 24. Kg2 Re8 25. Bd3 Rd8 26. Bc2 a5 27. Nd4
Bc8 28. Ne2 Re8 29. Kf1 h5 30. f3 hxg4 31. hxg4 Rh8 32. Nd4 Be5 33. Rd2 Rh1+
34. Ke2 Rh2+ 35. Kd1 Rxd2+ 36. Kxd2 Bxd4 0-1

[Event "Oberfranken Senioren-EM2009 26th"]
[Site "Bischofsgrün (5.6.-13.6)"]
[Date "2009.06.05"]
[Round "1.11"]
[White "Ragsch, Klaus"]
[Black "Meyer, Thomas(52)"]
[Result "1/2-1/2"]
[WhiteElo "1813"]
[BlackElo "1587"]
[PlyCount "66"]
[EventDate "2009.06.??"]
[EventType "swiss"]
[EventRounds "9"]
[WhiteTeam "Neuss/Norf SG"]
[BlackTeam "Tübingen SV"]

1. e4 c6 2. d4 d5 3. Nd2 dxe4 4. Nxe4 Bf5 5. Ng3 Bg6 6. Nf3 Nd7 7. Bc4 e6 8.
O-O Qc7 9. a4 Ngf6 10. a5 Bd6 11. Qe2 h6 12. Bxe6 fxe6 13. Qxe6+ Kf8 14. Nf5
Bxf5 15. Qxf5 Re8 16. Bd2 Kf7 17. Nh4 Bxh2+ 18. Kh1 Nf8 19. Rae1 Rxe1 20. Rxe1
Bd6 21. Nf3 g6 22. Qh3 Kg7 23. Ne5 Bxe5 24. dxe5 Nd5 25. c4 Ne7 26. Bc3 Kg8 27.
Qh4 Nf5 28. Qf6 Qe7 29. e6 Qxf6 30. Bxf6 Rh7 31. e7 Nxe7 32. Bxe7 Rf7 33. Bc5
a6 1/2-1/2

[Event "Oberfranken Senioren-EM2009 26th"]
[Site "Bischofsgrün (5.6.-13.6)"]
[Date "2009.06.05"]
[Round "1.12"]
[White "Wagner, Gerhard(50)"]
[Black "Josting, Friedel"]
[Result "1/2-1/2"]
[WhiteElo "1560"]
[BlackElo "1821"]
[PlyCount "67"]
[EventDate "2009.06.??"]
[EventType "swiss"]
[EventRounds "9"]
[WhiteTeam "Windach Spf."]
[BlackTeam "Bünde SG"]

1. e4 c5 2. d4 cxd4 3. c3 d3 4. Nf3 d6 5. Bxd3 Nc6 6. Be3 Nf6 7. h3 e6 8. O-O
Be7 9. Qc2 Qc7 10. Nbd2 O-O 11. Rad1 b6 12. Nb3 Bb7 13. Ng5 h6 14. Nf3 Rac8 15.
Qd2 Ne5 16. Qe2 Nxd3 17. Qxd3 Bxe4 18. Qd2 Kh7 19. Nfd4 a6 20. f3 Bg6 21. Rfe1
Nd5 22. Bf2 Qc4 23. h4 Nf6 24. Ne2 b5 25. Nf4 e5 26. Nxg6 fxg6 27. Qc1 b4 28.
h5 Nxh5 29. Re4 Qf7 30. Rxb4 Nf4 31. Rb7 Nxg2 32. Rxe7 Qxe7 33. Kxg2 Qg5+ 34.
Bg3 1/2-1/2

[Event "Oberfranken Senioren-EM2009 26th"]
[Site "Bischofsgrün (5.6.-13.6)"]
[Date "2009.06.05"]
[Round "1.13"]
[White "Doerfel, Franz"]
[Black "Jeske, Guenter(28)"]
[Result "1-0"]
[WhiteElo "1787"]
[BlackElo "1587"]
[PlyCount "87"]
[EventDate "2009.06.??"]
[EventType "swiss"]
[EventRounds "9"]
[WhiteTeam "Rehau ASV"]
[BlackTeam "Rostock-07 SSC"]

1. Nf3 c5 2. g3 Nc6 3. Bg2 e6 4. d4 cxd4 5. Nxd4 Nf6 6. Nc3 Bb4 7. O-O a6 8.
Nxc6 bxc6 9. e4 O-O 10. e5 Nd5 11. Ne4 f5 12. a3 Be7 13. Nd6 Qc7 14. c4 Nb6 15.
Be3 Rb8 16. Qd4 a5 17. b4 a4 18. Rac1 Bxd6 19. exd6 Qd8 20. h4 Qf6 21. Qc5 Na8
22. Bd4 Qg6 23. Qa7 Bb7 24. c5 Rfe8 25. Be5 Qh5 26. Qxa4 g5 27. Qd1 Qxd1 28.
Rfxd1 gxh4 29. gxh4 Ba6 30. Rc3 Kf7 31. Bf3 Rg8+ 32. Kh2 Ke8 33. Bf6 Kf7 34.
Be7 Kg6 35. Rg1+ Kh6 36. Bg5+ Kg7 37. Bd8+ Kf7 38. Bh5+ Rg6 39. Be7 Rbg8 40.
Rcg3 f4 41. Rf3 Ke8 42. Rxf4 Be2 43. Rxg6 hxg6 44. Bxg6+ 1-0

[Event "Oberfranken Senioren-EM2009 26th"]
[Site "Bischofsgrün (5.6.-13.6)"]
[Date "2009.06.05"]
[Round "1.14"]
[White "Gehlen, Peter"]
[Black "Huhn, Ulrich"]
[Result "0-1"]
[WhiteElo "1389"]
[BlackElo "1860"]
[PlyCount "84"]
[EventDate "2009.06.??"]
[EventType "swiss"]
[EventRounds "9"]
[WhiteTeam "Untersiemau TSV"]
[BlackTeam "Berlin-Lasker-Steglitz SG"]

1. e4 d5 2. exd5 Nf6 3. Bc4 Nxd5 4. Qf3 c6 5. Ne2 e6 6. O-O Bd6 7. Bxd5 cxd5 8.
d3 Nc6 9. d4 Qh4 10. g3 Nxd4 11. Nxd4 Qxd4 12. c3 Qf6 13. Qe2 h5 14. h4 Bd7 15.
a4 Qe5 16. Qxe5 Bxe5 17. Be3 O-O 18. Nd2 Rfc8 19. Nf3 Bf6 20. Bg5 Bxg5 21. Nxg5
a5 22. Nf3 Rc4 23. Ne5 Rc7 24. Rfe1 Re8 25. Re3 f6 26. Nd3 e5 27. Rae1 Bxa4 28.
Nf4 Bc6 29. Nxh5 Kf7 30. g4 Rh8 31. f4 g6 32. Nxf6 Kxf6 33. fxe5+ Ke7 34. h5
gxh5 35. Rh3 Bd7 36. e6 Bxe6 37. gxh5 Rh6 38. Rg3 Kd6 39. Rg6 Rxg6+ 40. hxg6
Rg7 41. c4 Rxg6+ 42. Kf2 dxc4 0-1

[Event "Oberfranken Senioren-EM2009 26th"]
[Site "Bischofsgrün (5.6.-13.6)"]
[Date "2009.06.05"]
[Round "1.15"]
[White "Jaschke, Dieter"]
[Black "Froehling, Philippa"]
[Result "1-0"]
[WhiteElo "1773"]
[BlackElo "1259"]
[PlyCount "37"]
[EventDate "2009.06.??"]
[EventType "swiss"]
[EventRounds "9"]
[WhiteTeam "Kirchenlaibach TSV"]
[BlackTeam "Bamberg-1868 SC"]

1. d4 d5 2. c4 c6 3. Bf4 e6 4. e3 Bd6 5. Bxd6 Qxd6 6. Nc3 Qb4 7. Qc2 dxc4 8. a3
Qb3 9. Qxb3 cxb3 10. Bc4 b5 11. Bxb3 Bb7 12. Ne4 Ke7 13. Nc5 Bc8 14. Nf3 Nf6
15. Rc1 Nbd7 16. O-O Nxc5 17. Rxc5 Bb7 18. Ne5 Rac8 19. Rfc1 1-0

[Event "Oberfranken Senioren-EM2009 26th"]
[Site "Bischofsgrün (5.6.-13.6)"]
[Date "2009.06.06"]
[Round "2.1"]
[White "Tuertmann, Dieter"]
[Black "Jeske, Eckhard(52)"]
[Result "0-1"]
[WhiteElo "1814"]
[BlackElo "2159"]
[PlyCount "132"]
[EventDate "2009.06.??"]
[EventType "swiss"]
[EventRounds "9"]
[WhiteTeam "Eberswalde-1949 ESV"]
[BlackTeam "Rostock-07 SSC"]

1. Nf3 d5 2. d4 Nf6 3. e3 g6 4. Be2 Bg7 5. O-O O-O 6. Nbd2 Nbd7 7. c4 c6 8. Qb3
e6 9. a4 Re8 10. Ne5 Nxe5 11. dxe5 Nd7 12. f4 f6 13. exf6 Qxf6 14. Qc2 Qe7 15.
cxd5 exd5 16. Nb3 Nf6 17. Re1 Bf5 18. Bd3 Bxd3 19. Qxd3 Ne4 20. Rf1 Nd6 21. Rf2
a6 22. a5 Rad8 23. Ra4 Ne4 24. Rf3 Qd7 25. Ra2 c5 26. Qc2 Rc8 27. Nd2 Nd6 28.
b3 Nf5 29. Nf1 Qe6 30. g4 Nd6 31. f5 Qf7 32. Bb2 d4 33. exd4 Qd5 34. Qd3 cxd4
35. f6 Rf8 36. Bxd4 Bxf6 37. Bxf6 Qxd3 38. Rxd3 Rxf6 39. Rad2 Nf7 40. Ng3 Rc1+
41. Kg2 Ne5 42. Rd8+ Kg7 43. Rb8 Rf7 44. h3 Nc6 45. Re8 Rc3 46. Ne4 Re3 47. Nd6
Rxe8 48. Nxe8+ Kf8 49. Nd6 Rd7 50. Rf2+ Kg8 51. Nc4 Rd5 52. Rc2 Rd3 53. Rb2 Rc3
54. Nd6 Nxa5 55. b4 Nc4 56. Nxc4 Rxc4 57. Kg3 Kf7 58. Rf2+ Ke6 59. Re2+ Kd6 60.
Re8 Rc7 61. g5 Kd5 62. Rf8 Kc4 63. Rf4+ Kb5 64. h4 b6 65. Re4 Rc3+ 66. Kf2 Rc4
0-1

[Event "Oberfranken Senioren-EM2009 26th"]
[Site "Bischofsgrün (5.6.-13.6)"]
[Date "2009.06.06"]
[Round "2.2"]
[White "Huhn, Ulrich"]
[Black "Boeven, Manfred"]
[Result "0-1"]
[WhiteElo "1860"]
[BlackElo "1978"]
[PlyCount "108"]
[EventDate "2009.06.??"]
[EventType "swiss"]
[EventRounds "9"]
[WhiteTeam "Berlin-Lasker-Steglitz SG"]
[BlackTeam "Geilenkirchen SF"]

1. d4 d5 2. Nc3 Nf6 3. Bg5 Nbd7 4. f3 h6 5. Bh4 e6 6. e4 dxe4 7. fxe4 Be7 8. e5
Nd5 9. Bxe7 Qxe7 10. Qd2 Nxc3 11. bxc3 b6 12. Nf3 Bb7 13. Bd3 O-O 14. O-O c5
15. Qe2 Rac8 16. Be4 Bxe4 17. Qxe4 cxd4 18. cxd4 Rc3 19. Rf2 Qa3 20. Qb7 Qa4
21. Raf1 Qc6 22. Qxc6 Rxc6 23. Rb1 Rc4 24. Rd2 Rfc8 25. Rb2 Nf8 26. Kf2 Ng6 27.
g3 Ne7 28. Ke2 Nd5 29. Kd1 Nc3+ 30. Kc1 Ra4 31. Rd3 Nxa2+ 32. Kd2 Nb4 33. Rdb3
Nc6 34. Rc3 Ne7 35. Rxc8+ Nxc8 36. c3 Kf8 37. Kd3 Ne7 38. Nd2 Nd5 39. Ne4 Ra3
40. Rf2 Ke7 41. Kc4 f5 42. exf6+ gxf6 43. g4 f5 44. gxf5 exf5 45. Kxd5 fxe4 46.
c4 Rf3 47. Ra2 e3 48. Rxa7+ Kf6 49. Ra6 e2 50. Rxb6+ Kf7 51. Rb7+ Kf6 52. Rb6+
Kg7 53. Re6 Rf5+ 54. Kd6 Rf6 0-1

[Event "Oberfranken Senioren-EM2009 26th"]
[Site "Bischofsgrün (5.6.-13.6)"]
[Date "2009.06.06"]
[Round "2.3"]
[White "Weigel, Herbert"]
[Black "Schurig, Wilhelm"]
[Result "1-0"]
[WhiteElo "2010"]
[BlackElo "1859"]
[PlyCount "37"]
[EventDate "2009.06.??"]
[EventType "swiss"]
[EventRounds "9"]
[WhiteTeam "Zirndorf SK"]
[BlackTeam "Thiersheim SV"]

1. e4 g6 2. d4 Bg7 3. c4 d6 4. Nc3 a6 5. f4 e6 6. Nf3 Ne7 7. Be3 Nd7 8. Bd3 O-O
9. O-O c5 10. Qd2 cxd4 11. Nxd4 Nf6 12. Kh1 Ng4 13. Bg1 e5 14. fxe5 dxe5 15.
Nf3 Nc6 16. Nd5 Nd4 17. h3 Nxf3 18. Rxf3 Nf6 19. Bb6 1-0

[Event "Oberfranken Senioren-EM2009 26th"]
[Site "Bischofsgrün (5.6.-13.6)"]
[Date "2009.06.06"]
[Round "2.4"]
[White "Wawrinsky, Ludwig"]
[Black "Schweizer, Wolfgang Dr"]
[Result "1/2-1/2"]
[WhiteElo "1723"]
[BlackElo "1908"]
[PlyCount "46"]
[EventDate "2009.06.??"]
[EventType "swiss"]
[EventRounds "9"]
[WhiteTeam "Neuperlach SK"]
[BlackTeam "Kulmbach SK"]

1. e4 c6 2. d4 d5 3. Nc3 dxe4 4. Nxe4 Bf5 5. Ng3 Bg6 6. h4 h6 7. h5 Bh7 8. Nf3
Nd7 9. Bd3 Bxd3 10. Qxd3 Qc7 11. Rh4 e6 12. Bf4 Bd6 13. Bxd6 Qxd6 14. O-O-O
Ngf6 15. Ne4 Nxe4 16. Rxe4 O-O-O 17. Ne5 Nxe5 18. dxe5 Qe7 19. Qe3 Rxd1+ 20.
Kxd1 Rd8+ 21. Kc1 Qd7 22. Qe2 Qe7 23. Qe3 Qd7 1/2-1/2

[Event "Oberfranken Senioren-EM2009 26th"]
[Site "Bischofsgrün (5.6.-13.6)"]
[Date "2009.06.06"]
[Round "2.5"]
[White "Hoellger, Herbert"]
[Black "Doerfel, Franz"]
[Result "1-0"]
[WhiteElo "1883"]
[BlackElo "1787"]
[PlyCount "75"]
[EventDate "2009.06.??"]
[EventType "swiss"]
[EventRounds "9"]
[WhiteTeam "Bad Hersfeld SK"]
[BlackTeam "Rehau ASV"]

1. d4 d5 2. Bf4 e6 3. e3 Bd6 4. Bg3 Bxg3 5. hxg3 Nf6 6. Bd3 Nbd7 7. Nd2 c5 8.
c3 b6 9. Ngf3 Bb7 10. Ne5 Nxe5 11. dxe5 Ne4 12. Qg4 Qg5 13. Bb5+ Kf8 14. Qxg5
Nxg5 15. f4 Ne4 16. Nxe4 dxe4 17. Rd1 a6 18. Be2 Bd5 19. c4 Bc6 20. Rd6 Rc8 21.
Kf2 Ke7 22. g4 b5 23. Rc1 b4 24. Rcd1 Rhd8 25. Kg3 Bb7 26. f5 Rxd6 27. Rxd6 Rc6
28. Rd1 f6 29. Kf4 g5+ 30. fxg6 hxg6 31. exf6+ Kxf6 32. g5+ Ke7 33. Ke5 Rc8 34.
Rh1 Bc6 35. Rh7+ Kd8 36. Bg4 Be8 37. Bxe6 Rc6 38. Bd5 1-0

[Event "Oberfranken Senioren-EM2009 26th"]
[Site "Bischofsgrün (5.6.-13.6)"]
[Date "2009.06.06"]
[Round "2.6"]
[White "Urytskyy, Arkadiy"]
[Black "Jaschke, Dieter"]
[Result "1-0"]
[WhiteElo "2105"]
[BlackElo "1773"]
[PlyCount "33"]
[EventDate "2009.06.??"]
[EventType "swiss"]
[EventRounds "9"]
[WhiteTeam "Kirchenlaibach TSV"]
[BlackTeam "Kirchenlaibach TSV"]

1. Nf3 Nf6 2. g3 d5 3. c4 c6 4. b3 Bg4 5. Bg2 Nbd7 6. Bb2 Qc7 7. O-O dxc4 8.
bxc4 Bxf3 9. Bxf3 Ne5 10. Bxe5 Qxe5 11. d4 Qc7 12. Nc3 e6 13. Qa4 Nd7 14. Rab1
Be7 15. Rb2 Bf6 16. Rfb1 Nb6 17. Rxb6 1-0

[Event "Oberfranken Senioren-EM2009 26th"]
[Site "Bischofsgrün (5.6.-13.6)"]
[Date "2009.06.06"]
[Round "2.7"]
[White "Kraft, Hans(32)"]
[Black "Wagner, Gerhard(50)"]
[Result "1-0"]
[WhiteElo "1936"]
[BlackElo "1560"]
[PlyCount "50"]
[EventDate "2009.06.??"]
[EventType "swiss"]
[EventRounds "9"]
[WhiteTeam "Zirndorf SK"]
[BlackTeam "Windach Spf."]

1. e4 c5 2. Nf3 d6 3. d4 cxd4 4. Nxd4 Nf6 5. Nc3 a6 6. Bg5 e6 7. Qd2 Be7 8. f3
Nbd7 9. Bc4 b5 10. Bxe6 fxe6 11. Nxe6 Qb6 12. Nxg7+ Kf7 13. Nf5 Bf8 14. Nd5 Qc6
15. Nxf6 Nxf6 16. Bxf6 Bxf5 17. Bxh8 Re8 18. O-O Bg6 19. Rad1 Kg8 20. Bc3 Re6
21. Qd5 Qc8 22. a3 Bf7 23. Qd4 Qc5 24. Kh1 Qe5 25. Qxe5 dxe5 1-0

[Event "Oberfranken Senioren-EM2009 26th"]
[Site "Bischofsgrün (5.6.-13.6)"]
[Date "2009.06.06"]
[Round "2.8"]
[White "Josting, Friedel"]
[Black "Ragsch, Klaus"]
[Result "1/2-1/2"]
[WhiteElo "1821"]
[BlackElo "1813"]
[PlyCount "50"]
[EventDate "2009.06.??"]
[EventType "swiss"]
[EventRounds "9"]
[WhiteTeam "Bünde SG"]
[BlackTeam "Neuss/Norf SG"]

1. d4 d5 2. Nf3 Nf6 3. Bf4 e6 4. e3 c6 5. Nbd2 Bd6 6. Bg5 Be7 7. Bd3 Nbd7 8.
O-O O-O 9. Re1 Re8 10. h3 Nf8 11. c3 N6d7 12. Bxe7 Qxe7 13. e4 dxe4 14. Nxe4
Nf6 15. Qd2 Nxe4 16. Rxe4 Rd8 17. Rae1 c5 18. Qe2 b6 19. Ba6 cxd4 20. Nxd4 Bxa6
21. Qxa6 Rd5 22. Qc4 Qd7 23. Qb3 b5 24. Re5 Rxe5 25. Rxe5 a6 1/2-1/2

[Event "Oberfranken Senioren-EM2009 26th"]
[Site "Bischofsgrün (5.6.-13.6)"]
[Date "2009.06.06"]
[Round "2.9"]
[White "Meyer, Thomas(52)"]
[Black "Barlo, Werner"]
[Result "1-0"]
[WhiteElo "1587"]
[BlackElo "1778"]
[PlyCount "67"]
[EventDate "2009.06.??"]
[EventType "swiss"]
[EventRounds "9"]
[WhiteTeam "Tübingen SV"]
[BlackTeam "Berlin-Zehlendorf SK"]

1. d4 Nf6 2. Bg5 e6 3. c4 Be7 4. Nf3 d5 5. e3 O-O 6. Bd3 Nbd7 7. O-O h6 8. Bh4
c5 9. cxd5 exd5 10. Nc3 cxd4 11. Nxd4 Nc5 12. Be2 a6 13. Rc1 g5 14. Bg3 Nfe4
15. Nxe4 Nxe4 16. Bc7 Qd7 17. Bb6 Bd8 18. Bxd8 Qxd8 19. Bd3 Qb6 20. Qb3 Qd6 21.
Rfd1 Rb8 22. Bxe4 dxe4 23. Nc6 Qxd1+ 24. Rxd1 Be6 25. Ne7+ Kh7 26. Qb4 Rfe8 27.
Qxe4+ Kg7 28. Nf5+ Bxf5 29. Qxf5 Re7 30. h4 f6 31. hxg5 hxg5 32. Rd7 Rbe8 33.
Rxe7+ Rxe7 34. e4 1-0